Adobe Photoshop 5.0 Productivity Kit : 26 ready-made projects for use with Adobe Photoshop

Bibliographic Details
Format: Book
Published: San Jose, California : Adobe Press , 1999
Subjects:

MARC

LEADER 00000cam a2200000 7i4500
001 0000009873
005 20050427.0
020 |a 1568304641 
040 |a INS 
090 0 0 |a T385.   |b A 1999 
245 1 0 |a Adobe Photoshop 5.0 Productivity Kit :   |b 26 ready-made projects for use with Adobe Photoshop 
260 |a San Jose, California :   |b Adobe Press ,   |c 1999 
300 |a 181p. ;   |c 24cm + 1 computer optical disc (43/4in). 
650 0 0 |a Adobe Photoshop   |x Programmed instruction 
650 0 0 |a Computer graphics   |x Programmed instruction 
999 |a 0000008941   |b BOOK   |c Open Shelf   |e Default branch